[Event "Memorial Stepanov (open)"]
[Site "masterchessopen.com – Krasnodar (Russia)"]
[Round "3"]
[White "Stambulian Arsen (ARM)"]
[Black "Staroverov Alexey (RUS)"]
[Result "1-0"]
[WhiteElo "2453"]
[BlackElo "2284"]

{ } 1.e4 c5 2.Nf3 Nc6 3.d4 cxd4 4.Nxd4 Nf6 5.Nc3 d6 6.Bg5 e6 7.Qd2 a6 8.O-O-O
Bd7 9.f4 Be7 ( 9...h6 10.Bh4 b5 11.Bxf6 gxf6 12.Kb1 Qb6 13.f5 Rc8 { +0,00 CAP
} ) 10.Nf3 ( 10.g4 Nxg4 11.Bxe7 Qxe7 12.Rg1 Nf6 13.Rxg7 O-O-O 14.Nb3 Ne8 {
+1,15 CAP } ) 10...b5 11.Bxf6 gxf6 12.f5 { ?/= } 12...h5 { +0,30 CAP } (
12...Qb6 13.g3 b4 14.fxe6 fxe6 15.Ne2 Qf2 16.Nh4 a5 17.Nf4 Qxd2+ 18.Rxd2 Kf7
19.Bh3 Rab8 20.Rf1 Ne5 21.Nf3 Nxf3 22.Rxf3 { ...1/2-1/2, Tiviakov Sergei(2635)
- Sakaev Konstantin(2540), St. Petersburg 1993 Zt } ) ( 12...Qa5 13.fxe6 fxe6
14.Kb1 h5 15.Bd3 O-O-O 16.a3 Kb7 17.Qe2 Rc8 18.Na2 Qb6 19.Rhf1 Rc7 20.Qf2 Qxf2
21.Rxf2 Rg8 22.Nc1 { ...1/2-1/2, Spassky Boris V(2590) - Ardiansyah H(2450),
Salonika 1984 Olympiad } ) 13.fxe6 { N } ( 13.Nd4 Qb6 14.Nce2 Nxd4 15.Nxd4 e5
16.Ne2 b4 17.h4 Bc6 18.Ng3 { 1/2-1/2, Rosino Antonio(2320) - Mariotti
Sergio(2465), Venice 1974 It } ) ( 13.g3 b4 14.Ne2 e5 15.Kb1 Qb6 16.Nc1 a5
17.Bc4 Rc8 18.Bd5 Na7 19.Ne2 Nb5 20.Ka1 Bf8 21.Qd3 Bh6 22.Nd2 Ke7 { ...1-0,
Hoffmann Alexander(2423) - Richter Goetz(2073), Oldenburg 2001 Cup Nord-West }
) ( 13.Kb1 Qb6 14.g3 O-O-O 15.Bh3 Kb8 16.fxe6 fxe6 17.Ne2 Ne5 18.Nfd4 Ng4
19.Nf4 e5 20.Nd5 Qxd4 21.Qa5 Qc5 22.b4 Qa7 { ...1/2-1/2, Kayumov Sergey(2267)
- Arbakov Valentin(2445), Alushta 2002 It (cat.8) } ) 13...fxe6 14.Kb1 Qb6
15.Ne2 O-O-O { } ( 15...Ne5 { !? } 16.Nf4 Ng4 17.Re1 Rc8 { } ) 16.Nf4 Rdg8
17.g3 Ne5 18.Nd4 h4 19.gxh4 Rxh4 20.Ndxe6 Bxe6 { } ( 20...Qb7 { !? } 21.Qc3+
Kb8 22.Bh3 Qc8 { } ) 21.Nxe6 Qc6 22.Bd3 Rhg4 23.Nd4 Qc7 24.a4 { } ( 24.Bf1 {
!? } 24...Rxe4 25.Nf5 Kb8 26.Qd5 { } ) 24...Rg2 { } ( 24...Nxd3 { !? } 25.Qxd3
Qc4 26.axb5 axb5 { } ) 25.Qe3 bxa4 { } ( 25...Nxd3 { !? } 26.cxd3 Qd7 27.Nc6
Qb7 { } ) 26.Bxa6+ Kb8 27.Qa3 Qa5 28.Bb5 Rc8 29.Qxa4 Qxa4 30.Bxa4 Rh8 { } (
30...Bf8 { !? } 31.Ka2 Kb7 32.Bb3 Nc4 { } ) 31.h3 Rh4 32.Nc6+ Nxc6 33.Bxc6 Rg3
34.Rd3 Rxd3 35.cxd3 Kc7 36.Bd5 Kd7 37.Kc2 Rf4 38.b4 f5 39.Kb3 fxe4 40.dxe4 Bh4
41.Kc4 Rf2 42.Ra1 Ke7 43.Ra7+ Kf8 44.Rh7 Rf4 45.b5 Bf2 46.Bc6 Rf6 47.Kd5 Kg8
48.Rd7 Rf3 49.Kxd6 Rxh3 50.Bd5+ { } {#r} 1-0

[Event "Ch Malaga"]
[Site "masterchessopen.com – Malaga (Spain)"]
[Round "4"]
[White "Medina Menendez Eduardo M (ESP)"]
[Black "Munoz Moreno Francisco J (ESP)"]
[Result "0-1"]
[WhiteElo "2093"]
[BlackElo "2291"]

1.e4 c5 2.Nf3 Nc6 3.d4 cxd4 4.Nxd4 Nf6 5.Nc3 d6 6.Bg5 e6 7.Qd2 a6 8.O-O-O Bd7
9.f4 Be7 10.Nf3 b5 11.Bxf6 gxf6 12.g4 Qb6 13.Bg2 O-O-O 14.Ne2 Rhg8 15.Bh3 Kb8
16.Ned4 Bc8 17.Nxc6+ Qxc6 18.Nd4 Qb6 19.Rhe1 Bb7 20.Qe2 Ka8 21.Bg2 Rc8 22.Kb1
Rc4 23.Nb3 Rgc8 24.Rd2 a5 25.Red1 a4 26.Nd4 b4 27.b3 R4c5 28.Bf1 Ra5 29.h3 Bf8
30.h4 d5 31.Bg2 e5 32.Nf5 d4 33.Bf1 Rc3 34.Qg2 axb3 35.cxb3 Qc6 36.Bd3 Ba6
37.Qe2 Bxd3+ 38.Rxd3 Rac5 39.R3d2 Rc1+ 40.Kb2 R1c3 41.Re1 d3 42.Qd1 Qa6 43.Ne3
exf4 44.Nc4 R5xc4 45.bxc4 Bc5 46.Kb1 Qa3 47.Qf3 Rc2 {#R} 0-1

[Event "Tournament \"]
[Site "masterchessopen.com – Olavarria (Argentina)"]
[Round "0"]
[White "Hase Juan C (ARG)"]
[Black "Bianchi Albino (ARG)"]
[Result "0-1"]
[WhiteElo "2343"]
[BlackElo "2189"]

1.e4 c5 2.Nf3 Nc6 3.d4 cxd4 4.Nxd4 Nf6 5.Nc3 d6 6.Bg5 e6 7.Qd2 a6 8.O-O-O Bd7
9.f4 Be7 10.Nf3 b5 11.Bxf6 gxf6 12.Kb1 Qc7 13.Bd3 Na5 14.Ne2 Nc4 15.Bxc4 Qxc4
16.Ng3 O-O-O 17.Rhe1 h5 18.Re3 Kb7 19.Nd4 Qc7 20.Nb3 h4 21.Ne2 Qb6 22.f5 Bc8
23.Ned4 d5 24.fxe6 fxe6 25.e5 fxe5 26.Rxe5 Bd6 27.Re2 Bxh2 28.Rde1 Bg3 29.Rf1
Rde8 30.Na5+ Ka8 31.Nac6 e5 32.Qg5 exd4 33.Qxd5 Bb7 34.Rxe8+ Rxe8 35.Qxd4 Qxc6
{#R} 0-1

[Event "Landesliga South 2002/03"]
[Site "masterchessopen.com – Germany"]
[Date "2002.12.15"]
[Round "3"]
[White "Hofmann Juergen (GER)"]
[Black "Epding Olaf (GER)"]
[Result "0-1"]
[WhiteElo "2190"]
[BlackElo "2228"]

1.e4 c5 2.Nf3 Nc6 3.d4 cxd4 4.Nxd4 Nf6 5.Nc3 d6 6.Bg5 e6 7.Qd2 a6 8.O-O-O Bd7
9.f4 Be7 10.Nf3 b5 11.Bxf6 gxf6 12.Bd3 Qa5 13.Kb1 b4 14.Ne2 Qc5 15.Rc1 a5
16.c3 Qb6 17.Ned4 Nxd4 18.cxd4 O-O 19.f5 e5 20.Qh6 Rfc8 21.Rxc8+ Rxc8 22.h4
Qd8 23.Rh3 Bf8 24.Qh5 Qc7 25.Ka1 Qc1+ 26.Bb1 Rc2 {#R} 0-1

[Event "It (open)"]
[Site "masterchessopen.com – Banyoles (Spain)"]
[Round "8"]
[White "Fluvia Poyatos Joan (ESP)"]
[Black "Lommers Frank (NED)"]
[Result "1-0"]
[WhiteElo "2467"]
[BlackElo "2202"]

1.e4 c5 2.Nf3 d6 3.d4 Nf6 4.Nc3 cxd4 5.Nxd4 Nc6 6.Bg5 e6 7.Qd2 a6 8.O-O-O Bd7
9.f4 Be7 10.Nf3 b5 11.Bxf6 gxf6 12.Kb1 Qb6 13.f5 O-O-O 14.g3 Kb8 15.fxe6 fxe6
16.Bh3 Bc8 17.Qe1 Rhe8 18.Ne2 Ne5 19.Rf1 Nc4 20.Qf2 Qc5 21.Rd3 d5 22.exd5 Qxf2
23.Rxf2 e5 24.Bxc8 e4 25.Bxa6 exd3 26.cxd3 Nd6 27.Nfd4 Kc7 28.Bxb5 Nxb5
29.Nxb5+ Kb6 30.Nec3 Rf8 31.Re2 Rd7 32.Re6+ Kb7 33.Ne4 f5 34.d6 fxe4 35.dxe7
Rf1+ 36.Kc2 exd3+ 37.Kc3 d2 38.Nd6+ {#r} 1-0

[Event "Ch Russia (juniors) (under 20)"]
[Site "masterchessopen.com – Essentuki (Russia)"]
[Round "4"]
[White "Garakov Mikhael (RUS)"]
[Black "Anisimov Pavel (RUS)"]
[Result "0-1"]
[WhiteElo "2366"]
[BlackElo "2470"]

{ } 1.e4 { 1 } 1...c5 2.Nf3 d6 3.d4 cxd4 4.Nxd4 Nf6 5.Nc3 Nc6 6.Bg5 e6 7.Qd2
a6 8.O-O-O Bd7 9.f4 Be7 ( 9...h6 10.Bh4 b5 11.Bxf6 gxf6 12.Kb1 Qb6 13.f5 Rc8 {
} ) 10.Nf3 ( 10.g4 Nxg4 11.Bxe7 Qxe7 12.Rg1 Nf6 13.Rxg7 O-O-O 14.Nb3 Ne8 { } )
10...b5 11.Bxf6 gxf6 12.f5 Qb6 ( 12...Rc8 13.Qh6 Bf8 { } ) 13.g3 ( 13.Kb1
O-O-O 14.g3 Kb8 15.Bh3 Bc8 16.Rhf1 b4 17.Ne2 e5 18.Qh6 Na5 19.Nd2 Bb7 20.Bg2
Rc8 21.Qg7 Rcf8 22.Nc1 h5 23.Ncb3 Nxb3 24.axb3 Qc5 25.Nc4 Bc6 26.Rfe1 Be8
27.Nxd6 Rfg8 28.Nxe8 Rxg7 29.Nxg7 Qf2 30.Bf1 Bc5 31.Be2 Bd4 32.Nxh5 Qxh2 {
...1-0, Smirnov Pavel 2572 - Sakaev Konstantin 2645 , Panormo 2002 Ch Europe
(blitz) } ) 13...b4 14.fxe6 fxe6 15.Ne2 Qf2 { = } 16.Nfd4 Nxd4 17.Qxd4 (
17.Nxd4 Qxd2+ 18.Kxd2 Kf7 19.Bc4 Rhc8 20.b3 Bf8 21.Rhf1 Ke7 22.Ke2 Rc5 23.Kf2
Bh6 24.Rfe1 a5 25.Rd3 Rac8 26.Kg1 Rxc4 27.bxc4 Rxc4 28.Re2 a4 29.Kg2 Bc1
30.Kg1 Bb2 31.Red2 Bc3 32.Rd1 Be8 33.g4 Bg6 34.Nb5 Bxe4 35.Rxd6 Bd5 36.Ra6
Rxg4+ { ...0-1, Nokso-Koivisto Antti 2227 - Maki Veijo 2390 , Tampere 1997 It
} ) 17...Qxd4 18.Nxd4 Bf8 ( 18...Bd8 19.Bc4 Ke7 20.Rd3 Bb6 21.Rhd1 Rhd8 22.Re1
Bc5 23.Nb3 Bb6 24.Nd4 { 1/2-1/2, Konstantinopolski Alexander - Borisenko
Georgy K 2435 , corr. 1963 Memorial Ragozin (corr.) } ) ( 18...Kf7 19.Bc4 Rhc8
20.b3 Rc5 21.Rhf1 Bf8 22.Rf3 Ke7 23.Kb1 a5 24.Rfd3 Rb8 25.g4 Rb6 26.Rh3 h6
27.Re3 Rg5 28.h3 Rc5 29.Ne2 h5 30.gxh5 Bh6 31.Rg3 Rxh5 32.Rf1 Rh4 33.Rg6 Bg5
34.Rg7+ Kd8 35.e5 Rh6 36.Rd1 Rxh3 37.exd6 Rh8 38.Nd4 { ...1/2-1/2, Krakops
Maris 2525 - Sakaev Konstantin 2570 , Cappelle la Grande 1995 It (open) } )
19.Bc4 Ke7 20.Rd3 Bh6+ 21.Kb1 Rhc8 22.b3 Rc5 { } ( 22...Rcb8 23.Rhd1 Rb6 24.a4
bxa3 25.Ka2 Bg7 26.Kxa3 Rc8 27.Ne2 a5 28.Nf4 a4 29.Ka2 Rc5 30.R3d2 Re5 31.Nd3
axb3+ 32.cxb3 Rxe4 33.Nc5 Re5 34.Nxd7 Kxd7 35.Kb1 Rc5 36.Rc2 d5 37.Kc1 f5
38.Bd3 Ra5 39.g4 Rxb3 { 0-1, Krabbe Tim 2290 - Ree Hans 2430 , Leeuwarden 1971
Ch Netherlands } ) 23.Rhd1 Rb8 { N } ( 23...Bf8 24.Nf3 Ke8 25.Rd4 a5 26.Bd3
Rac8 27.Nd2 e5 28.Rd5 Be6 29.Rxc5 Rxc5 30.Bc4 d5 31.exd5 Bxd5 32.Rf1 Ke7
33.Bd3 h6 34.Kc1 Rc7 35.Kd1 Be6 36.Bf5 Rd7 37.Ke2 Rd4 38.Bxe6 Kxe6 39.Nc4 a4
40.Ne3 axb3 41.axb3 h5 42.Ra1 f5 43.Ra8 { ...1-0, Jonsson Mikael 2335 -
Schneider Lars-Ake 2385 , Haparanda 1994 Ch Sweden } ) 24.Bxa6 Rb6 25.Bc4 Re5
26.c3 { ?! } ( 26.g4 { !? } 26...Rxe4 27.Rh3 Bg7 28.Rxh7 { } ) 26...Rxe4
27.Nc2 bxc3 28.Rxc3 Rc6 29.Rcd3 { ? } ( { ? } 29.Rf3 Rb6 30.Bd3 Re5 31.g4 { }
) 29...d5 30.Nb4 Rc7 31.Rxd5 exd5 32.Nxd5+ Kd8 33.Nxf6 { ?! } ( 33.Nxc7 { !? }
33...Kxc7 34.Bd3 Rd4 35.Kc2 { } ) 33...Re5 34.Ng4 Rh5 35.Bf7 Rh3 36.Be6 Ke7
37.Bxd7 Rxd7 38.Re1+ Kd8 39.Ne5 { } {#R} 0-1

[Event "Tournament \"]
[Site "masterchessopen.com – Internet"]
[Date "2004.01.17"]
[Round "0"]
[White "Bluvshtein Mark (CAN)"]
[Black "Avrukh Boris (ISR)"]
[Result "0-1"]
[WhiteElo "2502"]
[BlackElo "2614"]

{ } 1.e4 { 1 } 1...c5 2.Nf3 Nc6 3.d4 cxd4 4.Nxd4 Nf6 5.Nc3 d6 6.Bg5 e6 7.Qd2
a6 8.O-O-O Bd7 9.f4 Be7 10.Nf3 b5 11.Bxf6 gxf6 12.g3 Qb6 ( 12...Rc8 13.Kb1 Na5
14.a3 { } ) 13.f5 ( 13.Bh3 Na5 14.f5 Nc4 15.Qd4 Qxd4 16.Nxd4 e5 17.Nde2 Nb6
18.Nd5 Nxd5 19.exd5 Bd8 20.Nc3 h5 21.Rhe1 Ke7 22.Ne4 Bb6 23.Rd3 b4 24.Rf3 a5
25.Nd2 Rac8 26.Bf1 a4 27.Re4 Bc5 28.Rh4 Rcg8 29.h3 Bc8 30.Ne4 Bd4 31.c3 bxc3
32.bxc3 Bg1 { ...1/2-1/2, Dzevlan Miralem 2382 - Reeh Oliver 2446 ,
Baden-Baden 1987 It (open) } ) 13...b4 { = } 14.Ne2 ( 14.fxe6 fxe6 15.Ne2 Qf2
16.Nh4 a5 17.Nf4 Qxd2+ 18.Rxd2 Kf7 19.Bh3 Rab8 20.Rf1 Ne5 21.Nf3 Nxf3 22.Rxf3
h5 23.Bf1 Rbc8 24.h4 Rc5 25.Nd3 Rc7 26.Bh3 Bc8 27.Re2 Bd8 28.Nf4 Rc5 29.a3
bxa3 30.Rxa3 Re8 31.Rb3 Bc7 32.Rf2 Rg8 33.Bf1 Re5 { ...1/2-1/2, Tiviakov
Sergei 2635 - Sakaev Konstantin 2656 , St. Petersburg 1993 Zt } ) 14...e5 (
14...Qf2 15.Ned4 Qxd2+ 16.Kxd2 Bf8 17.Bc4 Ke7 18.Ke2 Bh6 19.Rhe1 Ne5 20.Nxe5
fxe5 21.fxe6 fxe6 22.Nf3 a5 23.Kf2 Rhf8 24.Kg2 Bc6 25.Bd3 a4 26.Nd2 Bg7 27.Nc4
d5 28.exd5 Bxd5+ 29.Kh3 Rf2 30.Be4 Rd8 31.Bxd5 Rxd5 32.Rxd5 exd5 33.Nb6 Ke6
34.Nxa4 { ...0-1, Cucka Josef - Jansa Vlastimil 2477 , Ostrava 1960 Ch
Czechoslovakia } ) 15.Kb1 ( 15.Qh6 O-O-O { } ) 15...a5 { N } ( 15...h5 16.Nc1
Na5 17.Bd3 { } ) ( 15...Na5 16.Nc1 Rc8 17.Nb3 Nc4 18.Bxc4 Rxc4 19.Rhe1 O-O
20.Qe3 Qc7 21.g4 Rxc2 22.Rg1 Kh8 23.g5 fxg5 24.Nxg5 Rxh2 25.Nd2 Rh5 26.Nxh7
Rxh7 27.Rh1 Bh4 28.Nf3 Rc8 29.Nxh4 Qc2+ 30.Ka1 Rg8 31.Rc1 Qa4 32.Nf3 Rg4
33.Rxh7+ Kxh7 34.Rh1+ Kg8 35.Qh6 { ...1-0, Brueggemann Joachim 2416 - Nijboer
Friso 2553 , Germany 2002 Bundesliga 2001/02 } ) 16.Nc1 { N } ( 16.Qh6 Nd8
17.Nd2 { } ) 16...a4 17.Bc4 a3 ( 17...Rc8 { } ) 18.b3 { } 18...Na5 19.Bd5 Rc8
20.Nd3 Rc3 21.Qh6 Bc6 22.Qg7 Rf8 23.Bxc6+ Nxc6 24.g4 Qe3 25.Nd2 Rxd3 26.Nc4
Rxd1+ 27.Rxd1 Qc3 28.g5 Na5 29.g6 Nxc4 30.gxf7+ Kd7 {#R} 0-1

[Event "It (cat.19)"]
[Site "masterchessopen.com – Wijk aan Zee (Netherlands)"]
[Date "2004.01.24"]
[Round "12"]
[White "Adams Michael (ENG)"]
[Black "Timman Jan H (NED)"]
[Result "1-0"]
[WhiteElo "2740"]
[BlackElo "2602"]

1.e4 c5 2.Nf3 d6 3.d4 cxd4 4.Nxd4 Nf6 5.Nc3 Nc6 6.Bg5 e6 7.Qd2 Be7 8.O-O-O a6
9.f4 Bd7 10.Nf3 b5 11.Bxf6 gxf6 12.Kb1 Qb6 13.Ne2 O-O-O 14.f5 Kb8 15.Nf4 Bc8
16.Qe1 Rhe8 17.fxe6 fxe6 18.g3 Bf8 19.Bh3 Bg7 20.Rf1 Bh8 21.c3 { N } ( 21.Rf2
Na5 22.Re2 Nc4 23.c3 Re7 24.Nd4 Rde8 25.Qf1 Qb7 26.Nd3 Rc7 27.Qf3 f5 28.Qh5
fxe4 29.Bg2 Ree7 30.Bxe4 d5 31.Bg2 Qb6 32.Nb4 Bxd4 33.cxd4 a5 34.Nc2 b4 35.Ne3
b3 36.Nxc4 bxa2+ 37.Kxa2 Rxc4 38.Bxd5 Rb4 39.Qe5+ Rc7 40.Bg2 Ba6 41.Rf2 Ra4+
42.Kb1 Qb3 43.Rf8+ Bc8 44.Rxc8+ Kxc8 { 1/2-1/2, Timman Jan H (NED) 2578 -
Greenfeld Alon (ISR) 2539, Curasao (Netherlands) 2003 } ) 21...Re7 22.Rf2 Na5
23.Nd4 Rde8 24.Bg4 Nc4 25.Bh5 Rg8 26.Be2 Ne5 27.Bf1 Rge8 28.Rfd2 Bb7 29.a3 Qc7
30.Ka1 Bg7 31.Be2 Nc4 { ?! } ( 31...Bh6 { !? } ) 32.Bxc4 Qxc4 33.Nc2 Qxe4
34.Re2 Qc4 35.Rxd6 e5 36.Nh5 Qc7 37.Red2 f5 { ? } ( { ? } 37...Bh6 38.R2d3 e4
39.R3d4 Re6 { } ) 38.Nxg7 ( 38.Nb4 { !? } 38...Bh8 39.Rc6 Qxc6 40.Nxc6+ { } )
38...Rxg7 39.Nb4 a5 40.Rc6 Qf7 41.Na6+ Bxa6 42.Rxa6 Qb7 43.Rxa5 Qb6 44.b4 Qc6
( 44...Ra7 { !? } ) 45.Kb2 ( 45.Qd1 { !? } 45...Kc8 46.c4 { ! } 46...Rge7
47.cxb5 { } ) 45...Rc7 46.Rc2 e4 47.Qf1 Re5 48.a4 {#r} 1-0

[Event "Ch Netherlands (open)"]
[Site "masterchessopen.com – Dieren (Netherlands)"]
[Date "2004.07.27"]
[Round "1"]
[White "Van Blitterswijk Stefan (NED)"]
[Black "Slisser Theo (NED)"]
[Result "1-0"]
[WhiteElo "2396"]
[BlackElo "2169"]

1.e4 c5 2.Nf3 d6 3.d4 cxd4 4.Nxd4 Nf6 5.Nc3 Bd7 6.Bg5 e6 7.Qd2 a6 8.O-O-O Nc6
9.f4 Be7 10.Nf3 b5 11.Bxf6 gxf6 12.Bd3 Qa5 13.Kb1 Rc8 14.f5 Ne5 15.fxe6 fxe6
16.Nxe5 dxe5 17.Be2 Rc7 18.Nxb5 {#r} 1-0

[Event "It (open)"]
[Site "masterchessopen.com – Karvina (Czech Republic)"]
[Round "3"]
[White "Klima Lukas (CZE)"]
[Black "Zilka Stepan (CZE)"]
[Result "0-1"]
[WhiteElo "2448"]
[BlackElo "2345"]

1.e4 c5 2.Nf3 Nc6 3.d4 cxd4 4.Nxd4 Nf6 5.Nc3 d6 6.Bg5 e6 7.Qd2 Be7 8.O-O-O a6
9.f4 Bd7 10.Nf3 b5 11.Bxf6 gxf6 12.Bd3 Qb6 13.Rhe1 O-O-O 14.Nd5 exd5 15.exd5
Ne5 16.fxe5 fxe5 17.Qh6 Rdg8 18.Qh5 Rxg2 19.Qxf7 Kd8 20.Be4 Rf2 21.Rd3 Qa5
22.Red1 Qa4 23.Re3 Rf8 24.Qxh7 Bf5 25.Nxe5 Qxc2+ 26.Bxc2 Rxc2+ 27.Kb1 Bxh7
{#R} 0-1

[Event "It (open)"]
[Site "masterchessopen.com – Karvina (Czech Republic)"]
[Round "8"]
[White "Walach Marcin (POL)"]
[Black "Zilka Stepan (CZE)"]
[Result "1-0"]
[WhiteElo "2406"]
[BlackElo "2345"]

1.e4 c5 2.Nf3 Nc6 3.d4 cxd4 4.Nxd4 Nf6 5.Nc3 d6 6.Bg5 e6 7.Qd2 Be7 8.O-O-O a6
9.f4 Bd7 10.Nf3 b5 11.Bxf6 gxf6 12.Kb1 Qb6 13.f5 h5 14.Ne2 O-O-O 15.Nf4 Rdg8
16.fxe6 fxe6 17.g3 Qc5 18.Bh3 Ne5 19.Nd4 Nc4 20.Qe1 e5 21.Nd5 Bxh3 22.Nxe7+
Kd7 23.Nb3 Qa7 24.Nxg8 Rxg8 25.Na5 Rc8 26.Nxc4 Rxc4 27.b3 Rc6 28.Rd2 Ke7
29.Qe2 Bg4 30.Qd3 b4 31.h3 Be6 32.Qf3 Rc3 33.Qxh5 Rxg3 34.Qh7+ Bf7 35.Rhd1 Rg1
36.Rxd6 Rxd1+ 37.Rxd1 a5 {#r} 1-0

[Event "Ch Argentina (team)"]
[Site "masterchessopen.com – Buenos Aires (Argentina)"]
[Date "2006.10.15"]
[Round "7"]
[White "Valerga Diego (ARG)"]
[Black "Della Morte Pablo (ARG)"]
[Result "1-0"]
[WhiteElo "2461"]
[BlackElo "2277"]

1.e4 c5 2.Nf3 Nc6 3.d4 cxd4 4.Nxd4 Nf6 5.Nc3 d6 6.Bg5 e6 7.Qd2 a6 8.O-O-O Bd7
9.f4 Be7 10.Nf3 b5 11.Bxf6 gxf6 12.Bd3 Qa5 13.Kb1 O-O-O 14.Rhe1 Kb7 15.g3 b4
16.Nd5 exd5 17.exd5 Ne5 18.fxe5 dxe5 19.Nh4 Qb6 20.Bf5 Bb5 21.Be4 Bc5 22.Nf5
Ka7 23.Qh6 Rd7 24.b3 Qd8 25.Qh5 Rg8 26.d6 Rf8 27.Rd5 Qb6 28.Qh6 Re8 29.Qxf6
Re6 30.Qh8 Rd8 31.Qxh7 Rf6 32.Qh4 Bf2 33.Red1 Re6 34.Qh5 Rd7 35.Ne7 {#r} 1-0

[Event "Ch Slovakia (team) 2006/07 (1 liga) West"]
[Site "masterchessopen.com – Slovakia"]
[Date "2007.03.24"]
[Round "10"]
[White "Riabov Alexander (SVK)"]
[Black "Lanc Alois (SVK)"]
[Result "0-1"]
[WhiteElo "2109"]
[BlackElo "2357"]

1.e4 c5 2.Nf3 Nc6 3.d4 cxd4 4.Nxd4 Nf6 5.Nc3 d6 6.Bg5 e6 7.Qd2 a6 8.O-O-O Bd7
9.f4 Be7 10.Nf3 b5 11.Bxf6 gxf6 12.Kb1 Rb8 13.Bd3 Qc7 14.Rhe1 Na5 15.Re3 b4
16.Nd5 exd5 17.exd5 Kd8 18.Rde1 Bf8 19.Qe2 Qc5 20.Bxa6 Kc7 21.Rd1 Bh6 22.g3
Rhe8 23.Nd4 Kb6 24.Rxe8 Rxe8 25.Qf1 f5 26.Nb3 Nxb3 27.axb3 Ra8 28.Bc4 Qa5
29.Kc1 Qa1+ 30.Kd2 Qxb2 31.Qf2+ Kb7 32.Ke1 Bg7 33.Kf1 Ra1 34.Rxa1 Qxa1+ 35.Kg2
Qd4 36.Qf1 h5 37.Kh3 h4 38.Qe1 Kc7 39.Qxb4 hxg3 40.hxg3 Qc5 41.Qe1 Kd8 42.Kg2
Qd4 43.Qa5+ Ke7 44.Bd3 Qc3 45.Qa7 Bd4 46.Qb7 Qd2+ 47.Kh3 Qd1 48.g4 Qf3+ {#R}
0-1

[Event "Ch Region"]
[Site "masterchessopen.com – Dnepropetrovsk (Ukraine)"]
[Round "3"]
[White "Voinov Sergey (RUS)"]
[Black "Maximov Dmitry (UKR)"]
[Result "0-1"]
[WhiteElo "2264"]
[BlackElo "2488"]

1.e4 c5 2.Nf3 d6 3.d4 cxd4 4.Nxd4 Nf6 5.Nc3 Nc6 6.Bg5 e6 7.Qd2 a6 8.O-O-O Bd7
9.f4 Be7 10.Nf3 b5 11.Bxf6 gxf6 12.f5 Ne5 13.Qh6 b4 14.Qg7 Rf8 15.Ne2 Qc7
16.Ned4 Rc8 17.Bxa6 Ra8 18.Bb5 Bxb5 19.Nxb5 Qc5 20.Nfd4 Rxa2 21.Kb1 Ra5
22.fxe6 Rxb5 23.Nxb5 Qxb5 24.exf7+ Kd7 25.Qxh7 Qc4 26.Rd5 Rxf7 27.Qf5+ Ke8
28.Qe6 Qc6 29.Rhd1 Kf8 30.Rf1 Qc4 31.Re1 Qa6 32.Qh3 Rg7 33.Qh8+ Rg8 34.Qh6+
Ke8 35.Qd2 Qb6 36.Qe2 Kf7 37.Rb5 Qa7 38.Qh5+ Kg7 {#R} 0-1

[Event "It (open)"]
[Site "masterchessopen.com – Karvina (Czech Republic)"]
[Date "2012.07.02"]
[Round "3"]
[White "Klima Lukas (CZE)"]
[Black "Andreev Eduard (UKR)"]
[Result "0-1"]
[WhiteElo "2378"]
[BlackElo "2498"]

1.e4 c5 2.Nf3 d6 3.d4 cxd4 4.Nxd4 Nf6 5.Nc3 Nc6 6.Bg5 e6 7.Qd2 a6 8.O-O-O Bd7
9.f4 Be7 10.Nf3 b5 11.Bxf6 gxf6 12.Kb1 Qb6 13.Bd3 O-O-O 14.Rhe1 Kb8 15.g3 Bc8
16.Nh4 Qc5 17.Ng2 Bb7 18.f5 Ne5 19.Rf1 d5 20.exd5 exd5 21.Nf4 b4 22.Na4 Qc6
23.b3 Nc4 24.Bxc4 dxc4 25.Qe2 cxb3 26.axb3 Bd6 27.Nd5 Rhe8 28.Qf2 Qb5 29.Nxf6
Re2 30.Qb6 Qxb6 31.Nxb6 Bc7 32.Nc4 Rxh2 33.Rxd8+ Bxd8 34.Nd7+ Kc7 35.Nc5 Bc8
36.Nd3 Be7 37.Re1 Bf8 38.g4 h5 39.Re8 Rh1+ 40.Ka2 Bg7 41.Nce5 hxg4 42.Nxb4
Bxe5 {#R} 0-1